10 célébres compositions pour piano seul /

Hlavní autor: Paderewski, Ignacy Jan, 1860-1941
Jazyk: Nelze použít, není lingvistický obsah
Vydáno: Berlin : Ed. Bote & G. Bock, [1908]
Edice: Universal-Edition
Fyzický popis: 1 partitura (44 s.)
Hudebniny Hudebniny
Uloženo v:
LEADER 00920ncm a22002532a 4500
001 001275193
003 CZ BrMZK
005 20150818143026.0
007 qu
008 130121s1908 gw |||||||||||||||||zxx d
040 |a BOA001  |b cze 
072 7 |a 786  |x Hudba pro klávesové nástroje  |2 Konspekt  |9 9 
100 1 |a Paderewski, Ignacy Jan,  |d 1860-1941  |7 mzk2003168209  |4 cmp 
245 1 0 |a 10 célébres compositions  |h [hudebnina] :  |b pour piano seul /  |c par I.J. Paderewski 
260 |a Berlin :  |b Ed. Bote & G. Bock,  |c [1908] 
300 |a 1 partitura (44 s.) 
490 1 |a Universal-Edition ;  |v Nr. 2010 
500 |a Převzato do Universal-Edition 
510 4 |a [Winiker, C. Haupt-Katalog der Musikalien-Lieh-Anstalt,  |c 56625] 
830 0 |a Universal-Edition 
910 |a BOA001  |b Mus4-0207.297 
990 |a MU 
991 |b 201301 
996 6 |b 2619518520  |c Mus4-0207.297  |l MZK  |r Sklad / do 1 hodiny  |n 0  |p W  |w 001309169  |u 000010  |a 1  |e BOA001  |j MZK50  |s P